书目信息 |
| 题名: |
农产品国际贸易
|
|
| 作者: | 庄佩芬 主编 | |
| 分册: | ||
| 出版信息: | 北京 对外经济贸易大学出版社 2011.1 |
|
| 页数: | 344页 | |
| 开本: | 23cm | |
| 丛书名: | ||
| 单 册: | ||
| 中图分类: | F746.2 | |
| 科图分类: | ||
| 主题词: | 农产品--国际贸易 | |
| 电子资源: | ||
| ISBN: | 978-7-81134-925-2 | |
| 000 | 01011nam0 2200265 450 | |
| 001 | 516 | |
| 005 | 20140909101117.32 | |
| 010 | @a978-7-81134-925-2@dCNY36.00 | |
| 100 | @a20140313d2011 ekmy0chiy50 ea | |
| 101 | 0 | @achi |
| 102 | @aCN@b110000 | |
| 105 | @aak a 000yy | |
| 106 | @ar | |
| 200 | 1 | @a农产品国际贸易@ANong Chan Pin Guo Ji Mao Yi@dInternational trade of agricultural products@f庄佩芬主编@FZhuang Pei Fen Zhu Bian@zeng |
| 210 | @a北京@c对外经济贸易大学出版社@d2011.1 | |
| 215 | @a344页@c图@d23cm | |
| 320 | @a有书目 | |
| 330 | @a本书在系统地阐明学习和研究农产品国际贸易所必需的基本理论知识的同时,将世界农产品贸易的发展态势和主要国家(地区)的农产品贸易格局、农产品国际贸易争端、农产品贸易促进等内容作为重点展开分析。 | |
| 510 | 1 | @aInternational trade of agricultural products@zeng |
| 606 | 0 | @a农产品@x国际贸易 |
| 690 | @aF746.2@v5 | |
| 701 | 0 | @a庄佩芬@AZhuang Pei Fen@4主编 |
| 801 | 0 | @aCN@bTANGWEI@c20140313 |
| 801 | 0 | @aCN@bTANGWEI@c20140603 |
| 905 | @b0843181-83@dF746.2@e172@f3 | |
| 农产品国际贸易=International trade of agricultural products/庄佩芬主编.-北京:对外经济贸易大学出版社,2011.1 |
| 344页:图;23cm |
| ISBN 978-7-81134-925-2:CNY36.00 |
| 本书在系统地阐明学习和研究农产品国际贸易所必需的基本理论知识的同时,将世界农产品贸易的发展态势和主要国家(地区)的农产品贸易格局、农产品国际贸易争端、农产品贸易促进等内容作为重点展开分析。 |
| ● |
| 相关链接 |
|
|
|
|
正题名:农产品国际贸易
索取号:F746.2/172
 
预约/预借
| 序号 | 登录号 | 条形码 | 馆藏地/架位号 | 状态 | 备注 |
| 1 | 0843181 | 208431810 | 第一样本阅览室/ [索取号:F746.2/172] | 在馆 | |
| 2 | 0843182 | 208431829 | 密集书库-海洋学院/ [索取号:F746.2/172] | 在馆 | |
| 3 | 0843183 | 208431838 | 第一借阅区/ [索取号:F746.2/172] | 在馆 |